Online Catalogue and eLibrary

Representing the body : (Record no. 3082)

MARC details
000 -LEADER
fixed length control field 00444nam a2200181Ia 4500
005 - DATE AND TIME OF LATEST TRANSACTION
control field 20240924060057.0
008 - FIXED-LENGTH DATA ELEMENTS--GENERAL INFORMATION
fixed length control field 240331s9999 xx 000 0 und d
020 ## - INTERNATIONAL STANDARD BOOK NUMBER
ISBN 8185107327
082 ## - DDC Classification
Item Number - Author Mark REP
Class No. 757
245 #0 - TITLE STATEMENT
Title Representing the body :
Remainder of title gender issues in Indian art
260 ## - PUBLICATION, DISTRIBUTION, ETC.
Place of publication, distribution, etc. Delhi
Name of publisher, distributor, etc. Kali for women
Date of publication, distribution, etc. 1997
300 ## - PHYSICAL DESCRIPTION
Extent (e.g. Volumes, Pages etc.) 205 p .,
650 ## - SUBJECT ADDED ENTRY--TOPICAL TERM
Topical term or geographic name entry element Women
650 ## - SUBJECT ADDED ENTRY--TOPICAL TERM
Topical term or geographic name entry element Gender
650 ## - SUBJECT ADDED ENTRY--TOPICAL TERM
Topical term or geographic name entry element Art
700 ## - ADDED ENTRY--PERSONAL NAME
Personal name Dehejia, Vidya
Relator term (Role) Editor
942 ## - Koha item type (Biblio)
Koha item type Books in Stacks (Lending)
Holdings
Lost status Damaged status Collection code Home library Current library Shelving location Date acquired Full call number Accession Number Item type
    Lending WERC Library WERC Library Social Science Cupboard 03/31/2024 757 REP 2476 Books in Stacks (Lending)

© WERC Library